000 006040000a22001810004500
001 768714001
003 CO-MdFUSB
005 20170424125723.0
008 170424s2005 cr ||||| |||| 00| 0 spa d
040 _aCO-MdFUSB
_bspa
_cCO-MdFUSB
_dCO-MdFUSB
041 _aspa
100 1 _aGibson Pichardo, Bill
_eautor
245 1 0 _aTremenda manifestación de solidaridad con la niñez
300 _aVolumen 7, número 24, (2005), Página 3
_c28 cm.
546 _aTexto en español
773 0 _tAlcanzando a los Niños en Riesgo
_049458
_960572
_gVolumen 7, número 24, (2005), Página 3
_qPágina 3
942 _cANA
999 _c60946
_d60946